000 00663nam a2200241Ia 4500
003 OSt
005 20220928114539.0
006 a|||||r|||| 00| 0
007 ta
008 220927b |||||||| |||| 00| 0 eng d
024 _a66812
037 _cTextual
040 _aSDCL
_cSDCL
_beng
041 _2eng
_aeng
082 _aX64:51.1'P, P5
100 _aStephenson Roy
_9439708
245 0 _aMarketing planning for financial services
260 _aEngland
_bGower Publishing
_c2005
300 _ax,183p
_ccm.
650 _aMarketing Financial Services
942 _hX64:51.1'P, P5
_cTEXL
_2CC
999 _c755394
_d755394